[Event "Bengaluru Karnataka op"]
[Site "Bengaluru"]
[Date "2018.04.17"]
[Round "7"]
[White "Raghavendra, V."]
[Black "Sujay, BM."]
[Result "1-0"]
[WhiteElo "1898"]
[BlackElo "1447"]
[PlyCount "63"]
[EventDate "2018.04.14"]
[EventType "swiss"]
[EventRounds "10"]
[EventCountry "IND"]
[SourceTitle "CBM 184 Extra"]
[Source "ChessBase"]
[SourceDate "2018.06.28"]
[SourceVersion "1"]
[SourceVersionDate "2018.06.28"]
[SourceQuality "1"]

1. e4 c5 2. c3 Nf6 3. e5 Nd5 4. d4 Nc6 5. Nf3 d6 6. Bc4 Nb6 7. Bb5 Bd7 8. dxc5 dxc5 9. 0-0 e6 10. Qe2 Be7 11. Nbd2 0-0 12. Ne4 Nxe5 13. Nxe5 Bxb5 14. Qxb5 Qd5 15. Nxf7 Qxe4 16. Ng5 Qg6 17. Nh3 Rf5 18. Qe2 Raf8 19. Bd2 Bd6 20. Rae1 e5 21. Qe4 Qf7 22. b3 Bb8 23. c4 Nc8 24. Ng5 Qe7 25. Qd5+ Kh8 26. Qe6 Qc7 27. Re4 R8f6 28. Qe8+ Rf8 29. Qh5 g6 30. Qh6 Qe7 31. Rh4 Nd6 32. Nxh7 1-0